000 00515nam a2200193Ia 4500
005 20250508161458.0
008 008 250505s9999 xx 000 0 eng d
037 _aTextual
040 _aFEDL
_beng
_cFEDL
041 _aeng
_2eng
084 _a370.4, GAN
_qFEDL
100 _aGandhi M. K.
245 0 _aTo the students
260 _aAhmedabad, India
_bNavjivan Prakashan Mandir
_c1949
300 _axix,324p.
650 _aEducation
942 _cTEXL
_h370.4, GAN
999 _c1370208
_d1370208